Southville International School and Colleges
Your cart is empty.
  • Cart
  • Lists
    Public lists Eva Luna New books Lux_list list_1
    Your lists Log in to create your own lists
  • Log in to your account
  • Your cookies
  • Search history
Southville International School and Colleges
  • Advanced search
  • Recent comments
  • Most popular
  • Libraries

Log in to your account

Log in with GOOGLE


If you do not have an external account, but do have a local account, you can still log in:

  1. Home
  2. MARC view: Management of human behavior in an organization
Normal view MARC view ISBD view

Management of human behavior in an organization (Record no. 365439)

[ view plain ]
MARC details
000 -LEADER
fixed length control field 00729nam a22002177a 4500
003 - CONTROL NUMBER IDENTIFIER
control field 0
005 - DATE AND TIME OF LATEST TRANSACTION
control field 20230929130525.0
008 - FIXED-LENGTH DATA ELEMENTS--GENERAL INFORMATION
fixed length control field 230929b xxu||||| |||| 00| 0 eng d
020 ## - INTERNATIONAL STANDARD BOOK NUMBER
International Standard Book Number 978-621-427-101-6
050 ## - LIBRARY OF CONGRESS CALL NUMBER
Classification number HD 58.7
Item number .Se47 2022
100 ## - MAIN ENTRY--PERSONAL NAME
Personal name Serrano, Angelita Ong Camilar
245 ## - TITLE STATEMENT
Title Management of human behavior in an organization
Statement of responsibility, etc Angelita Ong Camilar Serrano
250 ## - EDITION STATEMENT
Edition statement Second edition
260 ## - PUBLICATION, DISTRIBUTION, ETC. (IMPRINT)
Place of publication, distribution, etc Manila
Name of publisher, distributor, etc Unlimited Books Library Services & Publishing
Date of publication, distribution, etc c2022.
300 ## - PHYSICAL DESCRIPTION
Extent viii, 465 pages ;
Dimensions 26 cm.
500 ## - GENERAL NOTE
General note Organizational behavior,
504 ## - BIBLIOGRAPHY, ETC. NOTE
Bibliography, etc Includes bibliographical references and index.
650 ## - SUBJECT ADDED ENTRY--TOPICAL TERM
Topical term or geographic name as entry element Organizational behavior.
650 ## - SUBJECT ADDED ENTRY--TOPICAL TERM
Topical term or geographic name as entry element Personnel management.
942 ## - ADDED ENTRY ELEMENTS (KOHA)
Source of classification or shelving scheme Library of Congress Classification
Koha item type Books
Holdings
Withdrawn status Lost status Source of classification or shelving scheme Damaged status Home library Current library Shelving location Date acquired Source of acquisition Sub Shelving location Total Checkouts Full call number Barcode Date last seen Date checked out Price effective from Koha item type
    Library of Congress Classification   College Library College Library Reserve Section 09/29/2023 Library Fund   1 HD 58.7 .Se47 2022 C23075 07/23/2024 06/27/2024 09/29/2023 Books

Management of human behavior in an organization

APA

Serrano A. O. C., . (2022). Management of human behavior in an organization. Manila: Unlimited Books Library Services & Publishing.

Chicago

Serrano Angelita Ong Camilar, . 2022. Management of human behavior in an organization. Manila: Unlimited Books Library Services & Publishing.

Harvard

Serrano A. O. C., . (2022). Management of human behavior in an organization. Manila: Unlimited Books Library Services & Publishing.

MLA

Serrano Angelita Ong Camilar, . Management of human behavior in an organization. Manila: Unlimited Books Library Services & Publishing. 2022.

  • Place hold
  • Print
  • Cite
  • Add to your cart (remove)
  • Save record
    BIBTEX Dublin Core MARCXML MARC (non-Unicode/MARC-8) MARC (Unicode/UTF-8) MARC (Unicode/UTF-8, Standard) MODS (XML) RIS
  • More searches
    Search for this title in:
    Other Libraries (WorldCat) Other Databases (Google Scholar) Online Stores (Bookfinder.com) Open Library (openlibrary.org)

Exporting to Dublin Core...

SOUTHVILLE LIBRARY

Southville International School and Colleges Library

1281 Tropical Ave. Cor. Luxembourg St., BF Homes International, Las Pinas City

Tel. No. 8256374 / 252358 Loc. 117/146

Powered by Koha